000 00917cap a22002175a 4500
001 L140809
008 071012e20071005xxkad f s 000 0 eng d
035 _a(Sirsi) u140809
041 0 _aeng
100 1 _aRawlinson, Simon
245 0 0 _aCost model
_bstudent residences
260 _c2007
490 0 _aBuilding
_v272(8501) 5 October 2007, 68-73(6)
520 _aExplores the new-build student residence market. Identifies key factors in successful student housing; cost drivers and trends in procurement and construction. Includes a cost model breakdown for a large four-story block providing three hundred and ten study bedrooms arranged in groups of ten around communal space.
590 _aka
651 4 _aUnited Kingdom
_y
690 _aPROPERTY-RESIDENTIAL PROPERTY-COMMUNAL RESIDENTIAL
690 _aPROPERTY-RESIDENTIAL PROPERTY-RESIDENTIAL PROPERTY MARKET
700 1 _aLangdon, Davis
942 _n0
999 _c79350
_d79350